[Event "Pontevedra op 7th"]
[Site "Pontevedra"]
[Date "2019.08.11"]
[Round "5"]
[White "Abella Vazquez, Cesar"]
[Black "Del Prado Rodriguez, Xulio"]
[Result "1-0"]
[WhiteElo "2163"]
[BlackElo "2062"]
[PlyCount "49"]
[EventDate "2019.08.08"]
[EventType "swiss"]
[EventRounds "9"]
[EventCountry "ESP"]
[SourceTitle "EXT 2020"]
[Source "ChessBase"]
[SourceDate "2019.10.17"]
[SourceVersion "1"]
[SourceVersionDate "2019.10.17"]
[SourceQuality "1"]

1. e4 e5 2. Nf3 Nc6 3. d4 exd4 4. Bc4 Bc5 5. c3 Nf6 6. e5 d5 7. Bb5 Ne4 8. cxd4 Bb6 9. Nc3 0-0 10. Be3 Bg4 11. Qc2 Bf5 12. Qe2 Nb4 13. 0-0 c6 14. Ba4 Nxc3 15. bxc3 Bd3 16. Qd2 Bxf1 17. Rxf1 Na6 18. Bc2 Nc7 19. Qd3 g6 20. Bg5 Qd7 21. Qe3 Ne6 22. Bf6 Bd8 23. Qh6 Bxf6 24. exf6 Qd8 25. Ng5 1-0

[Event "Guimaraes 2nd"]
[Site "Guimaraes"]
[Date "2018.10.06"]
[Round "5"]
[White "Abella Vazquez, Cesar"]
[Black "Martin Duque, Jesus"]
[Result "1/2-1/2"]
[WhiteElo "2120"]
[BlackElo "2354"]
[PlyCount "87"]
[EventDate "2018.10.04"]
[EventType "swiss"]
[EventRounds "7"]
[EventCountry "POR"]
[SourceTitle "CBM 186 Extra"]
[Source "ChessBase"]
[SourceDate "2018.08.24"]
[SourceVersion "1"]
[SourceVersionDate "2018.08.24"]
[SourceQuality "1"]

1. e4 d6 2. d4 Nf6 3. Nc3 e5 4. Nf3 Nbd7 5. Be2 Be7 6. 0-0 0-0 7. Re1 c6 8. a4 Qc7 9. a5 Re8 10. Bf1 Nf8 11. h3 Ng6 12. g3 h6 13. d5 Bd7 14. a6 b6 15. dxc6 Bxc6 16. Nd5 Nxd5 17. exd5 Bd7 18. Ra3 Rac8 19. c4 f5 20. b4 Bf6 21. Bb2 Qd8 22. Qa1 Rc7 23. Rb3 Qc8 24. Qa3 h5 25. h4 Rxc4 26. Bxc4 Qxc4 27. Rc3 Qxd5 28. Rc7 Bc6 29. Rxa7 Qxf3 30. Qxf3 Bxf3 31. Rc7 b5 32. Ra1 Nf8 33. Ra3 Ba8 34. a7 Ne6 35. Rd7 Rd8 36. Rxd8+ Bxd8 37. Ra6 Bc7 38. Bxe5 dxe5 39. Rxe6 Kf7 40. Ra6 Bd8 41. Rd6 Ke7 42. Rg6 Kf7 43. Rd6 Ke7 44. Rg6 1/2-1/2

[Event "Guimaraes 2nd"]
[Site "Guimaraes"]
[Date "2018.10.06"]
[Round "4"]
[White "Fidalgo, Andre Neves"]
[Black "Abella Vazquez, Cesar"]
[Result "1/2-1/2"]
[WhiteElo "2181"]
[BlackElo "2120"]
[PlyCount "55"]
[EventDate "2018.10.04"]
[EventType "swiss"]
[EventRounds "7"]
[EventCountry "POR"]
[SourceTitle "CBM 186 Extra"]
[Source "ChessBase"]
[SourceDate "2018.08.24"]
[SourceVersion "1"]
[SourceVersionDate "2018.08.24"]
[SourceQuality "1"]

1. d4 e6 2. c4 d5 3. Nf3 Nf6 4. g3 Be7 5. Bg2 0-0 6. 0-0 dxc4 7. Qc2 a6 8. a4 Bd7 9. Qxc4 Bc6 10. Bf4 Bd6 11. Qc1 Nbd7 12. Nc3 b5 13. Ne5 Bxg2 14. Kxg2 c5 15. axb5 cxd4 16. Nc6 Qc7 17. Ne4 Bxf4 18. gxf4 Qb6 19. Nxf6+ Nxf6 20. Rxa6 Rxa6 21. bxa6 Qxa6 22. Nxd4 Nd5 23. e3 Qd3 24. Qd1 Qe4+ 25. Qf3 Nxf4+ 26. Kg3 Qxf3+ 27. Kxf3 Nd5 28. Rc1 1/2-1/2

[Event "Barcelona Sants op 16th"]
[Site "Barcelona"]
[Date "2014.08.23"]
[Round "2"]
[White "Abella Vazquez, Cesar"]
[Black "Klein, David"]
[Result "0-1"]
[WhiteElo "2144"]
[BlackElo "2498"]
[PlyCount "64"]
[EventDate "2014.08.22"]
[EventType "swiss"]
[EventRounds "10"]
[EventCountry "ESP"]
[SourceTitle "CBM 162 Extra"]
[Source "ChessBase"]
[SourceDate "2014.10.17"]
[SourceVersion "1"]
[SourceVersionDate "2014.10.17"]
[SourceQuality "1"]

1. e4 g6 2. d4 Bg7 3. Nf3 c6 4. Nc3 d6 5. a4 Bg4 6. Be2 e6 7. 0-0 Ne7 8. Be3 d5 9. Ne5 Bxe2 10. Qxe2 Nd7 11. exd5 cxd5 12. Bg5 Nxe5 13. dxe5 h6 14. Bxe7 Qxe7 15. Nb5 0-0 16. Nd4 a6 17. f4 Rac8 18. c3 Rc4 19. Kh1 Qd7 20. a5 Ra4 21. Rae1 Rxa5 22. g4 Re8 23. Qf3 Ra2 24. f5 Rxb2 25. f6 Bf8 26. h4 b5 27. Qf4 b4 28. Rg1 bxc3 29. Nf5 d4 30. Re4 Qb7 31. Ng3 c2 32. g5 Rb1 0-1

[Event "Benidorm op U2300 08th"]
[Site "Benidorm"]
[Date "2009.11.28"]
[Round "1"]
[White "Lapicki, Raul"]
[Black "Abella Vazquez, Cesar"]
[Result "1/2-1/2"]
[WhiteElo "2254"]
[BlackElo "2089"]
[PlyCount "54"]
[EventDate "2009.11.28"]
[EventType "swiss"]
[EventRounds "10"]
[EventCountry "ESP"]
[SourceTitle "CBM 133 Extra"]
[Source "ChessBase"]
[SourceDate "2010.01.05"]
[SourceVersion "1"]
[SourceVersionDate "2010.01.05"]
[SourceQuality "1"]

1. e4 e6 2. d4 d5 3. e5 c5 4. c3 Nc6 5. Nf3 Nh6 6. a3 Nf5 7. b4 cxd4 8. cxd4 Be7 9. Bb2 0-0 10. Bd3 f6 11. 0-0 fxe5 12. dxe5 Bd7 13. Nbd2 Be8 14. h3 Qb6 15. Nb3 Bg6 16. Kh2 Nh4 17. Nxh4 Bxd3 18. Qxd3 Rxf2 19. Bd4 Nxd4 20. Rxf2 Bxh4 21. Rf4 Nf5 22. Rf3 Qc7 23. Qe2 Bg3+ 24. Rxg3 Nxg3 25. Kxg3 Qc3+ 26. Qf3 Qxe5+ 27. Qf4 Qc3+ 1/2-1/2

[Event "Sanxenxo op 3rd"]
[Site "Sanxenxo"]
[Date "2006.06.30"]
[Round "5"]
[White "Abella Vazquez, Cesar"]
[Black "Hamdouchi, Hicham"]
[Result "1/2-1/2"]
[WhiteElo "2127"]
[BlackElo "2559"]
[PlyCount "87"]
[EventDate "2006.06.26"]
[EventType "swiss"]
[EventRounds "9"]
[EventCountry "ESP"]
[SourceTitle "CBM 113 Extra"]
[Source "ChessBase"]
[SourceDate "2006.09.14"]
[SourceVersion "1"]
[SourceVersionDate "2006.09.14"]
[SourceQuality "1"]

1. e4 c5 2. Nf3 Nc6 3. d4 cxd4 4. Nxd4 e6 5. Nxc6 bxc6 6. Bd3 Nf6 7. 0-0 d5 8. Nd2 Be7 9. Qe2 0-0 10. c4 a5 11. b3 a4 12. Bb2 g6 13. Kh1 Nd7 14. Rfd1 Bf6 15. Nf3 Bxb2 16. Qxb2 axb3 17. axb3 Rxa1 18. Qxa1 Qb6 19. exd5 exd5 20. cxd5 cxd5 21. Qd4 Qxb3 22. Rb1 Qa3 23. Qxd5 Nc5 24. Be2 Bf5 25. Rf1 Be4 26. Qd4 Bxf3 27. Bxf3 Ne6 28. Qe3 Qxe3 29. fxe3 Rd8 30. Rd1 Rxd1+ 31. Bxd1 Kg7 32. Kg1 Kf6 33. Kf2 Nc5 34. Kf3 Ke5 35. Be2 h5 36. h4 f6 37. Bc4 g5 38. hxg5 fxg5 39. g3 g4+ 40. Kg2 Ne4 41. Bf7 Nf6 42. Bg6 Kd5 43. Kf2 Ke5 44. Kg2 1/2-1/2

[Event "Padron op"]
[Site "Padron"]
[Date "2003.??.??"]
[Round "3"]
[White "Abella Vazquez, Cesar"]
[Black "Pilgaard, Kim"]
[Result "0-1"]
[WhiteElo "2144"]
[BlackElo "2437"]
[PlyCount "110"]
[EventDate "2003.08.??"]
[EventType "swiss"]
[EventRounds "9"]
[EventCountry "ESP"]
[SourceTitle "EXT 2005"]
[Source "ChessBase"]
[SourceDate "2004.11.15"]
[SourceVersion "1"]
[SourceVersionDate "2004.11.15"]
[SourceQuality "1"]

1. e4 e5 2. Nf3 Nc6 3. Nc3 Nf6 4. d4 exd4 5. Nxd4 Bb4 6. Nxc6 bxc6 7. Bd3 0-0 8. 0-0 d5 9. exd5 cxd5 10. Bg5 c6 11. Na4 h6 12. Bh4 Re8 13. c3 Bf8 14. c4 dxc4 15. Bc2 Qxd1 16. Rfxd1 Re2 17. Rac1 Nd5 18. Kf1 Re8 19. Nc3 Bg4 20. Re1 Rxe1+ 21. Rxe1 Rb8 22. Rb1 Bb4 23. Nxd5 cxd5 24. f3 Be6 25. Bf2 a6 26. Bd4 f6 27. g3 Kf7 28. Ke2 Re8 29. Kf2 g6 30. Rd1 Bf5 31. Bxf5 gxf5 32. a3 Bf8 33. Re1 Rc8 34. Re2 Bc5 35. Bxc5 Rxc5 36. Ke3 c3 37. Kd3 cxb2 38. Rxb2 Ra5 39. Rb3 Ra4 40. Kc3 f4 41. Kd3 Kg6 42. Ke2 Kf5 43. Kd3 h5 44. Rc3 fxg3 45. hxg3 Ke5 46. Rb3 h4 47. gxh4 Rxh4 48. Rb6 Ra4 49. Rb3 Kf4 50. Ke2 f5 51. Kf2 Rc4 52. Rb2 d4 53. Ke2 Rc3 54. Rb4 Re3+ 55. Kd2 Rxa3 0-1

[Event "Budapest FS10 IM-B"]
[Site "Budapest"]
[Date "2002.10.14"]
[Round "10"]
[White "Boguszlavszkij, Jevgenyij"]
[Black "Abella Vazquez, Cesar"]
[Result "1-0"]
[WhiteElo "2258"]
[BlackElo "2117"]
[PlyCount "73"]
[EventDate "2002.10.05"]
[EventType "tourn"]
[EventRounds "11"]
[EventCountry "HUN"]
[EventCategory "1"]
[SourceTitle "CBM 090 Extra"]
[Source "ChessBase"]
[SourceDate "2002.11.07"]
[SourceVersion "1"]
[SourceVersionDate "2002.11.07"]
[SourceQuality "1"]

1. d4 e6 2. Bf4 b6 3. Nd2 Bb7 4. e4 Nf6 5. Bd3 d5 6. e5 Nfd7 7. Ngf3 Be7 8. 0-0 c5 9. c3 Nc6 10. Rc1 cxd4 11. Nxd4 Ncxe5 12. Bxe5 Nxe5 13. Bb5+ Nd7 14. Qg4 Kf8 15. f4 Nf6 16. Qe2 Bd6 17. Rce1 a6 18. Bd3 Qc7 19. g3 b5 20. N2f3 Ne4 21. Ng5 Bc5 22. Nxe4 dxe4 23. Bxe4 Rd8 24. Qe3 Bxe4 25. Qxe4 g6 26. Rd1 Ke7 27. f5 Bxd4+ 28. cxd4 gxf5 29. Rxf5 Rhg8 30. Rxf7+ Kxf7 31. Qxh7+ Rg7 32. Rf1+ Ke8 33. Qh8+ Kd7 34. Qxg7+ Kc8 35. Qxc7+ Kxc7 36. Rf4 Kd6 37. h4 1-0

[Event "Budapest FS10 IM-B"]
[Site "Budapest"]
[Date "2002.10.12"]
[Round "8"]
[White "Galyas, Miklos"]
[Black "Abella Vazquez, Cesar"]
[Result "1/2-1/2"]
[WhiteElo "2406"]
[BlackElo "2117"]
[PlyCount "89"]
[EventDate "2002.10.05"]
[EventType "tourn"]
[EventRounds "11"]
[EventCountry "HUN"]
[EventCategory "1"]
[SourceTitle "CBM 090 Extra"]
[Source "ChessBase"]
[SourceDate "2002.11.07"]
[SourceVersion "1"]
[SourceVersionDate "2002.11.07"]
[SourceQuality "1"]

1. d4 Nf6 2. c4 g6 3. Nc3 Bg7 4. e4 d6 5. Nf3 0-0 6. Be2 e5 7. 0-0 Nc6 8. d5 Ne7 9. Bd2 h6 10. Ne1 Ne8 11. Nd3 f5 12. f3 f4 13. c5 g5 14. Rc1 Ng6 15. a4 Rf7 16. Nb5 Bf8 17. cxd6 cxd6 18. Nf2 h5 19. Qb3 Rg7 20. Rc2 a6 21. Na3 Nh4 22. h3 Nf6 23. Be1 g4 24. fxg4 hxg4 25. hxg4 Nxg4 26. Nxg4 Bxg4 27. Bxg4 Rxg4 28. Qh3 Qg5 29. Bxh4 Rxh4 30. Qe6+ Kh8 31. Rf3 Rh6 32. Rh3 Rxh3 33. Qxh3+ Bh6 34. Rc8+ Rxc8 35. Qxc8+ Kh7 36. Qxb7+ Kh8 37. Qc8+ Kg7 38. Qd7+ Kg8 39. Qh3 f3 40. Qxf3 Qc1+ 41. Kh2 Kh7 42. Qe2 Be3 43. Qh5+ Kg7 44. Qg4+ Kh6 45. Qe6+ 1/2-1/2

[Event "Budapest FS10 IM-B"]
[Site "Budapest"]
[Date "2002.10.11"]
[Round "7"]
[White "Abella Vazquez, Cesar"]
[Black "Berczes, David"]
[Result "1/2-1/2"]
[WhiteElo "2117"]
[BlackElo "2232"]
[PlyCount "56"]
[EventDate "2002.10.05"]
[EventType "tourn"]
[EventRounds "11"]
[EventCountry "HUN"]
[EventCategory "1"]
[SourceTitle "CBM 090 Extra"]
[Source "ChessBase"]
[SourceDate "2002.11.07"]
[SourceVersion "1"]
[SourceVersionDate "2002.11.07"]
[SourceQuality "1"]

1. e4 c5 2. Nf3 e6 3. d4 cxd4 4. Nxd4 a6 5. Bd3 Bc5 6. Nb3 Be7 7. Nc3 d6 8. 0-0 Nd7 9. Be3 Ngf6 10. f4 Qc7 11. Qf3 0-0 12. Rae1 b6 13. g4 Bb7 14. g5 Ne8 15. Qh5 Nc5 16. Nxc5 dxc5 17. Rf3 c4 18. Rh3 h6 19. Be2 Bc5 20. e5 Rd8 21. Bf3 Rd2 22. Ne4 Bxe3+ 23. Rxe3 Rxc2 24. Nf6+ Nxf6 25. gxf6 Bxf3 26. Rhxf3 Qc6 27. Rg3 Rc1+ 28. Kf2 Rc2+ 1/2-1/2

[Event "Budapest FS10 IM-B"]
[Site "Budapest"]
[Date "2002.10.06"]
[Round "2"]
[White "Berczes, Csaba"]
[Black "Abella Vazquez, Cesar"]
[Result "1/2-1/2"]
[WhiteElo "2311"]
[BlackElo "2117"]
[PlyCount "136"]
[EventDate "2002.10.05"]
[EventType "tourn"]
[EventRounds "11"]
[EventCountry "HUN"]
[EventCategory "1"]
[SourceTitle "CBM 090 Extra"]
[Source "ChessBase"]
[SourceDate "2002.11.07"]
[SourceVersion "1"]
[SourceVersionDate "2002.11.07"]
[SourceQuality "1"]

1. e4 e6 2. d4 d5 3. Nd2 Nf6 4. e5 Nfd7 5. Bd3 c5 6. c3 Nc6 7. Ne2 cxd4 8. cxd4 f6 9. exf6 Nxf6 10. Nf3 Bd6 11. 0-0 Qb6 12. Re1 0-0 13. Nf4 Ne4 14. Bxe4 Bxf4 15. Bc2 Bd7 16. b3 Bxc1 17. Rxc1 Rf4 18. Qd3 g6 19. g3 Rf6 20. Ne5 Nxe5 21. Rxe5 Rc8 22. Qd2 Kg7 23. Rce1 Qc7 24. Bd3 Qc3 25. Qxc3 Rxc3 26. Bf1 Rcf3 27. R5e2 Rc3 28. Rd2 Kf7 29. Bh3 Ke7 30. f4 Kd6 31. Bg4 h5 32. Bh3 h4 33. Kg2 hxg3 34. hxg3 g5 35. Rf1 gxf4 36. Rxf4 Rg6 37. Rf3 Rxf3 38. Kxf3 Rf6+ 39. Ke3 Be8 40. Rf2 Rh6 41. Bg4 Rg6 42. Rf4 Rg7 43. Kf3 Bg6 44. Rf6 Be4+ 45. Kf4 Re7 46. Bh3 a5 47. a3 Bc2 48. b4 axb4 49. axb4 Be4 50. Bg4 Bc2 51. Bh5 Rg7 52. g4 Bd1 53. Rf7 Rg8 54. Rxb7 Rf8+ 55. Kg5 Rg8+ 56. Kh4 Kc6 57. Re7 Kd6 58. Rf7 Rb8 59. Rf1 Be2 60. Rf2 Bd3 61. Rb2 e5 62. dxe5+ Kxe5 63. Kg3 Kd4 64. Bf7 Kc3 65. Rf2 d4 66. g5 Rxb4 67. g6 Bxg6 68. Bxg6 Rb8 1/2-1/2

[Event "Budapest FS10 IM-B"]
[Site "Budapest"]
[Date "2002.10.05"]
[Round "1"]
[White "Abella Vazquez, Cesar"]
[Black "Banusz, Tamas"]
[Result "1/2-1/2"]
[WhiteElo "2117"]
[BlackElo "2274"]
[PlyCount "96"]
[EventDate "2002.10.05"]
[EventType "tourn"]
[EventRounds "11"]
[EventCountry "HUN"]
[EventCategory "1"]
[SourceTitle "CBM 090 Extra"]
[Source "ChessBase"]
[SourceDate "2002.11.07"]
[SourceVersion "1"]
[SourceVersionDate "2002.11.07"]
[SourceQuality "1"]

1. e4 c5 2. Nf3 Nc6 3. c3 d5 4. exd5 Qxd5 5. Na3 Nf6 6. Bc4 Qd8 7. 0-0 e6 8. d4 cxd4 9. Nb5 a6 10. Nbxd4 Nxd4 11. Qxd4 Qxd4 12. Nxd4 b5 13. Be2 Bb7 14. a4 b4 15. c4 Nd7 16. Be3 Nc5 17. Bf3 Bxf3 18. Nxf3 Rc8 19. Bxc5 Bxc5 20. b3 Ke7 21. Rfd1 Rhd8 22. Kf1 f6 23. Ke2 e5 24. Rd2 e4 25. Nh4 Rxd2+ 26. Kxd2 Ke6 27. Re1 f5 28. Re2 Rd8+ 29. Kc2 Rd3 30. Nf3 Kf6 31. Ne1 Rc3+ 32. Kb2 Bd4 33. Nc2 Be5 34. Ka2 f4 35. Nxb4 Rc1 36. Nd5+ Kf5 37. b4 Rxc4 38. Kb3 Rd4 39. Ne7+ Ke6 40. Nc6 Rd3+ 41. Ka2 e3 42. Kb1 Rd1+ 43. Kc2 exf2 44. Rxf2 Ra1 45. Re2 Ra2+ 46. Kd3 Ra3+ 47. Kd2 Ra2+ 48. Kd3 Ra3+ 1/2-1/2

[Event "Ferrol op 18th"]
[Site "Ferrol"]
[Date "2002.07.24"]
[Round "8"]
[White "Pina Sierra, Julia"]
[Black "Abella Vazquez, Cesar"]
[Result "0-1"]
[WhiteElo "2050"]
[BlackElo "2115"]
[PlyCount "46"]
[EventDate "2002.07.17"]
[EventType "swiss"]
[EventRounds "9"]
[EventCountry "ESP"]
[SourceTitle "CBM 089 Extra"]
[Source "ChessBase"]
[SourceDate "2002.09.10"]
[SourceVersion "2"]
[SourceVersionDate "2002.09.10"]
[SourceQuality "1"]

1. e4 e6 2. d4 d5 3. e5 c5 4. c3 Nc6 5. Nf3 Nh6 6. a3 Nf5 7. b4 cxd4 8. cxd4 Be7 9. Bb2 0-0 10. Bd3 f6 11. 0-0 fxe5 12. Nxe5 Nxe5 13. dxe5 Bd7 14. Nc3 Rc8 15. Qb3 Qb6 16. b5 Bc5 17. Na4 Bxf2+ 18. Kh1 Qe3 19. Rxf2 Qxf2 20. Nc3 Ne3 21. Rg1 Qh4 22. Ne2 Ng4 23. h3 Rf2 0-1

[Event "Galicia-ch"]
[Site "Padron"]
[Date "2002.03.29"]
[Round "7"]
[White "Abella Vazquez, Cesar"]
[Black "Perez Fungueiro, Manuel Antonio"]
[Result "0-1"]
[WhiteElo "2111"]
[BlackElo "2250"]
[PlyCount "124"]
[EventDate "2002.03.23"]
[EventType "swiss"]
[EventRounds "9"]
[EventCountry "ESP"]
[SourceTitle "EXT 2003"]
[Source "ChessBase"]
[SourceDate "2002.11.25"]
[SourceVersion "1"]
[SourceVersionDate "2002.11.25"]
[SourceQuality "1"]

1. e4 c5 2. Nf3 e6 3. d4 cxd4 4. Nxd4 a6 5. Bd3 Bc5 6. Nb3 Ba7 7. Qe2 Ne7 8. Nc3 Nbc6 9. Bg5 f6 10. Be3 0-0 11. 0-0-0 b5 12. Bxa7 Rxa7 13. Qh5 b4 14. Ne2 a5 15. f4 a4 16. Nbd4 Nxd4 17. Nxd4 Qb6 18. Ne2 Ba6 19. Qf3 b3 20. cxb3 axb3 21. a3 Nc6 22. Bxa6 Qxa6 23. Qd3 Qb6 24. Kb1 Rb8 25. Nd4 Ra4 26. Nxc6 Qxc6 27. Rhe1 Rc4 28. Rc1 d5 29. exd5 exd5 30. Rc3 Rxc3 31. Qxc3 Qb6 32. Rd1 Qf2 33. Qd2 Qxd2 34. Rxd2 Re8 35. Kc1 Re1+ 36. Rd1 Re2 37. Rd2 Re1+ 38. Rd1 Re4 39. Rxd5 Rxf4 40. Rd3 Rf1+ 41. Kd2 Rf2+ 42. Kc3 Rxg2 43. h3 f5 44. a4 f4 45. a5 Rg6 46. Kd4 Ra6 47. Rxb3 Rxa5 48. Ke4 g5 49. Rb7 h6 50. Kf3 Re5 51. h4 Re3+ 52. Kf2 g4 53. Rb4 g3+ 54. Kg2 Re2+ 55. Kg1 Rf2 56. h5 Kf7 57. Rb6 Rh2 58. Rb4 Rh4 59. Kg2 Kf6 60. Kf3 Ke5 61. Re4+ Kd5 62. Ra4 Kc5 0-1

[Event "Galicia-ch"]
[Site "Padron"]
[Date "2002.03.25"]
[Round "3"]
[White "Abella Vazquez, Cesar"]
[Black "Cordido Sixto, Pablo"]
[Result "0-1"]
[WhiteElo "2111"]
[BlackElo "2115"]
[PlyCount "100"]
[EventDate "2002.03.23"]
[EventType "swiss"]
[EventRounds "9"]
[EventCountry "ESP"]
[SourceTitle "EXT 2003"]
[Source "ChessBase"]
[SourceDate "2002.11.25"]
[SourceVersion "1"]
[SourceVersionDate "2002.11.25"]
[SourceQuality "1"]

1. e4 c5 2. Nf3 Nc6 3. c3 Nf6 4. e5 Nd5 5. Bc4 e6 6. 0-0 d6 7. d4 cxd4 8. cxd4 Be7 9. Re1 0-0 10. exd6 Qxd6 11. Nc3 Nxc3 12. bxc3 b6 13. Bd3 Bb7 14. a4 Rac8 15. h4 Qd5 16. Rb1 Qh5 17. Rb5 f5 18. Qb3 Nd8 19. Ree5 Kh8 20. Ba3 Bxa3 21. Qxa3 Nf7 22. Rxe6 Bxf3 23. Rxf5 Qg4 24. Rxf3 Qxe6 25. Bf5 Qe1+ 26. Kh2 Rce8 27. Bd7 Rd8 28. d5 Qe5+ 29. Rg3 Qxd5 30. Bg4 Qd6 31. Qb2 Nh6 32. c4 Qe7 33. Bf3 Nf5 34. Rg4 Rde8 35. h5 Qe5+ 36. Qxe5 Rxe5 37. Bd5 Re2 38. Rf4 Re5 39. g4 g6 40. hxg6 hxg6 41. gxf5 Rexf5 42. Rh4+ Kg7 43. f3 Rh5 44. Kg3 Rxh4 45. Kxh4 Kf6 46. Kg4 g5 47. f4 gxf4 48. Kxf4 Re8 49. Bc6 Re1 50. Bd5 Ke7 0-1

[Event "Alonso Leira Memorial 2nd"]
[Site "Ferrol"]
[Date "2001.12.29"]
[Round "4.2"]
[White "Caneiro Couto, Juan"]
[Black "Abella Vazquez, Cesar"]
[Result "1-0"]
[WhiteElo "2145"]
[BlackElo "2115"]
[PlyCount "37"]
[EventDate "2001.12.26"]
[EventType "tourn"]
[EventRounds "10"]
[EventCountry "ESP"]
[SourceTitle "EXT 2003"]
[Source "ChessBase"]
[SourceDate "2002.11.25"]
[SourceVersion "1"]
[SourceVersionDate "2002.11.25"]
[SourceQuality "1"]

1. d4 e6 2. Nf3 Nf6 3. c4 Bb4+ 4. Nc3 0-0 5. Qc2 d6 6. Bg5 Nbd7 7. a3 Bxc3+ 8. Qxc3 b6 9. e4 e5 10. dxe5 Nxe5 11. Nxe5 dxe5 12. Qxe5 Re8 13. Bxf6 Rxe5 14. Bxd8 Rxe4+ 15. Be2 Ba6 16. Bg5 f5 17. f3 Re6 18. Kf2 h6 19. Bd2 1-0

[Event "Alonso Leira Memorial 1st"]
[Site "Ferrol"]
[Date "2000.12.28"]
[Round "2"]
[White "Ivanov, Jordan"]
[Black "Abella Vazquez, Cesar"]
[Result "1-0"]
[WhiteElo "2461"]
[BlackElo "2096"]
[PlyCount "85"]
[EventDate "2000.12.27"]
[EventType "tourn"]
[EventRounds "9"]
[EventCountry "ESP"]
[EventCategory "3"]
[SourceTitle "EXT 2002"]
[Source "ChessBase"]
[SourceDate "2001.11.25"]
[SourceVersion "1"]
[SourceVersionDate "2001.11.25"]
[SourceQuality "1"]

1. d4 Nf6 2. c4 g6 3. Nc3 Bg7 4. e4 d6 5. Be2 0-0 6. Nf3 e5 7. d5 a5 8. h3 Na6 9. Bg5 Qe8 10. g4 Nd7 11. Rg1 Ndc5 12. Qd2 Nb4 13. Nh4 Kh8 14. Rg3 Bd7 15. 0-0-0 c6 16. Kb1 cxd5 17. cxd5 f6 18. Be3 Nba6 19. Bxa6 Nxa6 20. Nf3 b5 21. Ne1 Qb8 22. Nd3 b4 23. Ne2 Bb5 24. Rc1 Qb7 25. Rgg1 Rfc8 26. Rxc8+ Rxc8 27. Rc1 Rxc1+ 28. Nexc1 f5 29. f3 Bf6 30. Bg5 Qe7 31. Bxf6+ Qxf6 32. Qc2 Qd8 33. gxf5 gxf5 34. exf5 Kg7 35. Nf2 Nc7 36. Ng4 Nxd5 37. Qd2 Nf4 38. f6+ Kf7 39. Nxe5+ Ke6 40. Ng4 Ng6 41. Qe3+ Kf7 42. Qh6 Qf8 43. Qg5 1-0

[Event "Lalin op"]
[Site "Lalin"]
[Date "2000.??.??"]
[Round "8"]
[White "Abella Vazquez, Cesar"]
[Black "Cebrian Valverde, Jose Antonio"]
[Result "0-1"]
[WhiteElo "2105"]
[BlackElo "2152"]
[PlyCount "122"]
[EventDate "2000.??.??"]
[EventType "swiss"]
[EventRounds "9"]
[EventCountry "ESP"]
[SourceTitle "EXT 2001"]
[Source "ChessBase"]
[SourceDate "2000.11.22"]
[SourceVersion "1"]
[SourceVersionDate "2000.11.22"]
[SourceQuality "1"]

1. e4 c5 2. Nf3 d6 3. d4 cxd4 4. Nxd4 Nf6 5. Nc3 a6 6. Bc4 e6 7. a4 Qc7 8. Qe2 Nc6 9. Be3 Bd7 10. 0-0 Rc8 11. Nxc6 Bxc6 12. Bd3 Be7 13. Rad1 0-0 14. Bf4 Rfd8 15. Rfe1 Nd7 16. Nd5 Bxd5 17. exd5 e5 18. Be3 g6 19. b3 f5 20. c4 e4 21. Bd4 Bf6 22. Bxf6 Nxf6 23. Bb1 Qc5 24. Qb2 Nd7 25. b4 Qc7 26. Ba2 Ne5 27. c5 Re8 28. Qd2 a5 29. c6 axb4 30. Qd4 Nd3 31. Re3 Qg7 32. Qxg7+ Kxg7 33. cxb7 Rb8 34. Bc4 Nc5 35. Bb5 Re7 36. Bc6 Nxb7 37. f3 Nc5 38. g4 f4 39. Re2 e3 40. Rb2 Kf6 41. Kf1 Ke5 42. Ke2 Ra7 43. Ra1 Kd4 44. Rd1+ Ke5 45. Ra1 g5 46. h3 Kd4 47. Rd1+ Kc3 48. Rbb1 b3 49. Rbc1+ Kb4 50. Bb5 b2 51. Rc4+ Ka3 52. Rc3+ Ka2 53. Bc4+ Nb3 54. Bd3 Nd4+ 55. Ke1 Nxf3+ 56. Kf1 b1Q 57. Bc4+ Kb2 58. Rxb1+ Kxb1 59. Bb5 Rxb5 60. axb5 Ra2 61. Rb3+ Ka1 0-1

[Event "Lalin op"]
[Site "Lalin"]
[Date "2000.??.??"]
[Round "7"]
[White "Jove Rey, David"]
[Black "Abella Vazquez, Cesar"]
[Result "1/2-1/2"]
[WhiteElo "2173"]
[BlackElo "2105"]
[PlyCount "110"]
[EventDate "2000.??.??"]
[EventType "swiss"]
[EventRounds "9"]
[EventCountry "ESP"]
[SourceTitle "EXT 2001"]
[Source "ChessBase"]
[SourceDate "2000.11.22"]
[SourceVersion "1"]
[SourceVersionDate "2000.11.22"]
[SourceQuality "1"]

1. e3 Nf6 2. d4 g6 3. Nf3 Bg7 4. c4 d5 5. Nc3 c6 6. Bd3 0-0 7. 0-0 Bg4 8. h3 Bxf3 9. Qxf3 Re8 10. Rd1 Qd6 11. Bd2 Nbd7 12. cxd5 Nxd5 13. Ne4 Qe6 14. Bc4 Qf5 15. Qxf5 gxf5 16. Nc3 N7f6 17. Rac1 Rac8 18. a3 e6 19. Rc2 Ne4 20. g3 Nd6 21. Ba2 Bf6 22. Rdc1 Nxc3 23. Bxc3 Be7 24. Bb4 Rcd8 25. Bc5 a6 26. Kg2 Kg7 27. b4 Rd7 28. a4 Ra8 29. Rb1 Nc8 30. Bc4 b6 31. Bxe7 Nxe7 32. Be2 Rad8 33. Bf3 b5 34. a5 Rc8 35. Rbc1 Rd6 36. Rc5 Kf6 37. Kf1 Nd5 38. Bxd5 exd5 39. Ke2 Ke7 40. Kf3 h5 41. Kf4 Kf6 42. Kf3 Kg6 43. R1c2 Rc7 44. g4 fxg4+ 45. hxg4 hxg4+ 46. Kxg4 Rc8 47. Rc1 Kg7 48. f4 Rg6+ 49. Kf3 Rh8 50. Rxc6 Rh3+ 51. Ke2 Rg2+ 52. Kd3 Rhh2 53. R6c2 Rxc2 54. Rxc2 Rxc2 55. Kxc2 f5 1/2-1/2